000 00426nam a2200145Ia 4500
008 100122s9999 xx 000 0 und d
082 _b38790
_a823.5
100 _aबर्वे राजेंद्र
245 _aस्कायलॅब
260 _bग्रंथघर प्रकाशन
_c1905
300 _a133
630 _aस्कायलॅब
730 _aस्कायलॅब
942 _cBOOK
999 _c420752
_d420749